000 00444 a2200133 4500
020 _a0898794544
040 _aDLC
_bDLC
100 1 0 _aEdelstein, Scott.
245 1 4 _aThe writer's book of checklists: the quick-reference guide to essential information every writer needs
_cby Scott Edelstein.
260 0 _aCincinnati, Ohio
_b: Writer's Digest Books
_c, c1991.
300 _a213 p.
_c; 24 cm.
650 0 _aAuthorship.
942 _cBK
_k808.02 EDE
_2ddc
999 _c9955
_d9955